Psicología educativa

Guardat en:
Dades bibliogràfiques
Autor principal: Woolfolk, Anita E (Autor)
Format: Llibre
Idioma:espanyol
Publicat: Ciudad de México Prentice-Hall Hispanoamericana 1990
Matèries:
Etiquetes: Afegir etiqueta
Sense etiquetes, Sigues el primer a etiquetar aquest registre!

MARC

LEADER 00000nam a2200000 a 4500
001 UCW7189
003 CL-VaPUC
008 920923e19900000MX |||||||||||||||||spa|d
082 0 4 |a 370.15  |b WOO  |2 21 
100 0 |a Woolfolk, Anita E  |e author  |9 312349 
245 1 0 |a Psicología educativa 
300 |a 649 p 
942 |c BK 
945 |d 19920923 00:00:00 
260 |a Ciudad de México  |b Prentice-Hall Hispanoamericana  |c 1990 
650 0 |a Psicología del aprendizaje  |9 306854 
583 |a last modification  |c 19920923 00:00:00  |k Rodrigo Vera 
999 |c 220043  |d 220041 
952 |0 0  |1 0  |4 0  |6 370_150000000000000_WOO_1990  |7 0  |8 A  |9 211777  |a BIBEDU  |b BIBEDU  |d 2019-11-15  |i 279912K  |l 5  |o 370.15 WOO 1990  |p 279912K  |r 2023-10-26  |s 2023-10-20  |w 2019-11-15  |y BK  |k EDU